[Event "Barcelona Sant Marti op 11th"]
[Site "Barcelona"]
[Date "2024.02.29"]
[Round "8"]
[White "Subirana Santos, Marc"]
[Black "Garcia Garrido, Ferran"]
[Result "0-1"]
[WhiteElo "1559"]
[BlackElo "1681"]
[PlyCount "74"]
[EventDate "2024.01.11"]
[EventType "swiss"]
[EventRounds "9"]
[EventCountry "ESP"]
[SourceTitle "CB11_2024"]
[SourceDate "2024.03.13"]
[SourceVersion "1"]
[SourceVersionDate "2024.03.13"]
[SourceQuality "1"]

1. Nf3 d5 2. e3 c5 3. c4 d4 4. exd4 cxd4 5. d3 Nc6 6. a3 a5 7. Nbd2 e5 8. Be2 f5 9. Qc2 b6 10. 0-0 Nf6 11. Re1 Nd7 12. Nf1 Be7 13. Ng3 0-0 14. Rb1 Nf6 15. h3 Qc7 16. Bf1 Bd6 17. Bd2 a4 18. b4 axb3 19. Qxb3 Bc5 20. Bb4 Nd7 21. Qd1 Bd6 22. Ng5 Nc5 23. Qf3 h6 24. Bxc5 bxc5 25. Qd5+ Kh8 26. Ne6 Bxe6 27. Qxe6 Rf6 28. Qd5 Rxa3 29. Ra1 Nb4 30. Qf3 Qa5 31. Rxa3 Qxa3 32. Nh5 Rf7 33. Qe2 Qa8 34. Qb2 Ra7 35. g3 Ra2 36. Qb3 Qf3 37. Qd1 Qxf2+ 0-1

[Event "Barcelona Sant Marti op-B 23rd"]
[Site "Barcelona"]
[Date "2023.07.21"]
[Round "9"]
[White "Pujal Moncho, Joaquim"]
[Black "Subirana Santos, Marc"]
[Result "1/2-1/2"]
[WhiteElo "1670"]
[BlackElo "1540"]
[PlyCount "30"]
[EventDate "2023.07.13"]
[EventType "swiss"]
[EventRounds "9"]
[EventCountry "ESP"]
[SourceTitle "CBM 215 Extra"]
[Source "ChessBase"]
[SourceDate "2023.09.30"]
[SourceVersion "1"]
[SourceVersionDate "2023.09.30"]
[SourceQuality "1"]

1. d4 d5 2. e3 Bf5 3. Bd3 Bg6 4. f4 e6 5. Nf3 c5 6. c3 Bd6 7. 0-0 Bxd3 8. Qxd3 Nc6 9. Ne5 f5 10. Bd2 Nf6 11. Be1 cxd4 12. exd4 Ne4 13. Nd2 Nxe5 14. fxe5 Be7 15. Nxe4 dxe4 1/2-1/2

[Event "El Prat de Llobregat op 4th"]
[Site "El Prat de Llobregat"]
[Date "2023.03.03"]
[Round "5"]
[White "Sanz Prat, Javier"]
[Black "Subirana Santos, Marc"]
[Result "0-1"]
[WhiteElo "1494"]
[BlackElo "1551"]
[PlyCount "47"]
[EventDate "2023.02.03"]
[EventType "swiss"]
[EventRounds "9"]
[EventCountry "ESP"]
[SourceTitle "EXT 2024"]
[Source "ChessBase"]
[SourceDate "2023.10.10"]
[SourceVersion "1"]
[SourceVersionDate "2023.10.10"]
[SourceQuality "1"]

1. d4 Nf6 2. Bf4 g6 3. Nc3 d6 4. Qd2 Bg7 5. e4 0-0 6. 0-0-0 a5 7. Bh6 a4 8. h4 Nc6 9. h5 Bg4 10. Be2 Bxe2 11. Ngxe2 Ng4 12. hxg6 Bxh6 13. Rxh6 Nxh6 14. Qxh6 fxg6 15. Rh1 Rf7 16. d5 Nd4 17. Nf4 Qf8 18. Qh4 Qg7 19. Ne6 Qf6 20. Ng5 Qf4+ 21. Qxf4 Rxf4 22. Rxh7 Rg4 23. f4 Rxg2 24. Rxe7 0-1

[Event "Barcelona Sant Marti op-B 22nd"]
[Site "Barcelona"]
[Date "2022.07.20"]
[Round "8"]
[White "Subirana Santos, Marc"]
[Black "Berrozpe Gonzalez, Marc"]
[Result "1/2-1/2"]
[WhiteElo "1559"]
[BlackElo "1369"]
[PlyCount "111"]
[EventDate "2022.07.13"]
[EventType "swiss"]
[EventRounds "9"]
[EventCountry "ESP"]
[SourceTitle "CBM 210 Extra"]
[Source "ChessBase"]
[SourceDate "2022.11.30"]
[SourceVersion "1"]
[SourceVersionDate "2022.11.30"]
[SourceQuality "1"]

1. d4 d5 2. c4 c6 3. Nc3 Nf6 4. Nf3 e6 5. Bg5 Be7 6. e3 Nbd7 7. Be2 dxc4 8. Bxc4 b5 9. Bd3 a6 10. 0-0 c5 11. dxc5 Nxc5 12. Be2 0-0 13. Rc1 Ncd7 14. h3 Bb7 15. Nd4 Rc8 16. Bf3 Bxf3 17. Qxf3 Qb6 18. Nce2 Ne5 19. Qg3 Ng6 20. Bxf6 Bxf6 21. b3 Ne7 22. Qf3 Nd5 23. a3 Rfe8 24. b4 a5 25. bxa5 Qxa5 26. Rb1 Qxa3 27. Rxb5 Qa7 28. Rfb1 Rb8 29. Nc6 Rxb5 30. Nxa7 Rxb1+ 31. Kh2 Ra1 32. e4 Rxa7 33. exd5 exd5 34. Nf4 Be5 35. g3 Bxf4 36. Qxf4 Rd7 37. Qa4 Red8 38. Qd4 f6 39. h4 Kf7 40. Kh3 Re7 41. f4 Re4 42. Qa7+ Kf8 43. h5 h6 44. Kg4 d4 45. Kf5 Re7 46. Qb6 Ree8 47. Qc5+ Re7 48. Qb6 Ree8 49. Qb4+ Re7 50. Qb6 Rdd7 51. Qb8+ Kf7 52. Qb3+ Kf8 53. Qb8+ Re8 54. Qb4+ Kf7 55. Qb3+ Kf8 56. Qb4+ 1/2-1/2

[Event "Barcelona Sant Marti op 9th"]
[Site "Barcelona"]
[Date "2020.01.23"]
[Round "2"]
[White "Subirana Santos, Marc"]
[Black "Prats Rodriguez, Juan Bosco"]
[Result "0-1"]
[WhiteElo "1520"]
[BlackElo "1955"]
[PlyCount "114"]
[EventDate "2020.01.16"]
[EventType "swiss"]
[EventRounds "9"]
[EventCountry "ESP"]
[SourceTitle "CBM 195 Extra"]
[Source "ChessBase"]
[SourceDate "2020.05.31"]
[SourceVersion "1"]
[SourceVersionDate "2020.05.31"]
[SourceQuality "1"]

1. b3 e5 2. Bb2 Nc6 3. e3 d5 4. Bb5 Bd6 5. Nf3 Qe7 6. c4 Nf6 7. c5 Bxc5 8. Nxe5 Bd7 9. Nxd7 Nxd7 10. 0-0 0-0 11. d4 Bd6 12. Nc3 Nf6 13. a3 Nd8 14. Qf3 Ne6 15. Bd3 c6 16. Rfe1 Rfe8 17. b4 Ng5 18. Qf5 h6 19. Bc2 g6 20. Qd3 h5 21. h3 Nfe4 22. Nxe4 Nxe4 23. Qf1 Qf6 24. Re2 Qg5 25. f4 Qf6 26. Qf3 h4 27. Bxe4 Rxe4 28. Rf1 Rae8 29. Bc1 Bc7 30. Qg4 Kg7 31. Qg5 Rxf4 32. Qxf6+ Rxf6 33. Rxf6 Kxf6 34. Kf2 Kf5 35. Kf3 Bg3 36. Rc2 Re6 37. b5 Rf6 38. a4 Kg5+ 39. Ke2 Rf2+ 40. Kd3 Rxc2 41. Kxc2 Kf5 42. Kd3 Ke6 43. e4 dxe4+ 44. Kxe4 f5+ 45. Kd3 Kd5 46. Bg5 cxb5 47. axb5 a6 48. bxa6 bxa6 49. Bd2 Bf2 50. Bc3 g5 51. Bd2 g4 52. Be3 Bxe3 53. Kxe3 a5 54. Kf4 a4 55. hxg4 fxg4 56. Kxg4 a3 57. Kxh4 a2 0-1

[Event "Barcelona Sant Marti op 9th"]
[Site "Barcelona"]
[Date "2020.01.16"]
[Round "1"]
[White "Moreno Perez, Norberto"]
[Black "Subirana Santos, Marc"]
[Result "1/2-1/2"]
[WhiteElo "1867"]
[BlackElo "1520"]
[PlyCount "95"]
[EventDate "2020.01.16"]
[EventType "swiss"]
[EventRounds "9"]
[EventCountry "ESP"]
[SourceTitle "CBM 195 Extra"]
[Source "ChessBase"]
[SourceDate "2020.05.31"]
[SourceVersion "1"]
[SourceVersionDate "2020.05.31"]
[SourceQuality "1"]

1. e4 b6 2. Bc4 Bb7 3. d3 e6 4. Bb3 Nc6 5. c3 g6 6. Nf3 Bg7 7. Bg5 Nge7 8. 0-0 h6 9. Be3 d5 10. exd5 Nxd5 11. Qd2 Nxe3 12. Qxe3 0-0 13. Nbd2 Ne7 14. Rad1 Nf5 15. Qe2 c5 16. Ne4 Qc7 17. h4 Rad8 18. h5 gxh5 19. Nfd2 h4 20. Nc4 Qf4 21. Bc2 Rd5 22. Ne3 Be5 23. g3 hxg3 24. Nxd5 Bxd5 25. fxg3 Qe3+ 26. Rf2 Kh8 27. Qxe3 Nxe3 28. Re1 Nf5 29. Ref1 Rg8 30. Rxf5 exf5 31. Rxf5 f6 32. Nxf6 Rxg3+ 33. Kf1 Rf3+ 34. Rxf3 Bxf3 35. Ne4 h5 36. Kf2 Bg4 37. Ke3 Kg7 38. d4 cxd4+ 39. cxd4 Bb8 40. Nf2 Bd7 41. Be4 Kf6 42. Bg2 h4 43. Ne4+ Kg6 44. Nf2 Bc7 45. a3 Bf5 46. Nh3 Kf6 47. Nf2 Kg5 48. Ne4+ 1/2-1/2

[Event "Barcelona Sant Marti op 8th"]
[Site "Barcelona"]
[Date "2019.02.28"]
[Round "7"]
[White "Subirana Santos, Marc"]
[Black "Romero Funieles, Rafael de Jesus"]
[Result "1-0"]
[WhiteElo "1640"]
[BlackElo "1588"]
[PlyCount "76"]
[EventDate "2019.01.17"]
[EventType "swiss"]
[EventRounds "9"]
[EventCountry "ESP"]
[SourceTitle "CBM 189 Extra"]
[Source "ChessBase"]
[SourceDate "2019.06.03"]
[SourceVersion "1"]
[SourceVersionDate "2019.06.03"]
[SourceQuality "1"]

1. b3 a5 2. a4 b6 3. Bb2 Bb7 4. Nf3 Nf6 5. g3 Nc6 6. Bg2 e6 7. 0-0 Be7 8. Ne5 Rb8 9. Nxc6 Bxc6 10. Bxc6 dxc6 11. d3 0-0 12. Nd2 h5 13. Nf3 Ng4 14. h3 Nh6 15. e4 h4 16. Ne5 Qe8 17. Ng4 f5 18. Nxh6+ gxh6 19. exf5 exf5 20. Qf3 Qg6 21. Be5 Rbc8 22. Rae1 hxg3 23. fxg3 Bc5+ 24. Kh1 Bb4 25. c3 Ba3 26. Bf4 Rf7 27. Re2 Rd8 28. Rfe1 b5 29. Re6 Rf6 30. Rxf6 Qxf6 31. Qh5 Qxc3 32. Qg6+ Qg7 33. Qxf5 Rf8 34. Qe6+ Qf7 35. Qxf7+ Rxf7 36. axb5 cxb5 37. Re5 c6 38. Re8+ Kh7 1-0

[Event "Barcelona Sant Marti op-B 20th"]
[Site "Barcelona"]
[Date "2018.07.19"]
[Round "7"]
[White "Subirana Santos, Marc"]
[Black "Arias Aranda, Guillem"]
[Result "0-1"]
[WhiteElo "1743"]
[BlackElo "1576"]
[PlyCount "98"]
[EventDate "2018.07.13"]
[EventType "swiss"]
[EventRounds "9"]
[EventCountry "ESP"]
[SourceTitle "EXT 2019"]
[Source "ChessBase"]
[SourceDate "2018.10.10"]
[SourceVersion "1"]
[SourceVersionDate "2018.10.10"]
[SourceQuality "1"]

1. d4 d5 2. Nf3 e6 3. e3 c5 4. b3 Nc6 5. Bb2 Nf6 6. Bd3 Bd7 7. 0-0 Nb4 8. Be2 Be7 9. a3 Nc6 10. Nbd2 0-0 11. Ne5 Nxe5 12. dxe5 Ne8 13. Bd3 Bg5 14. f4 Bh6 15. Rf3 Nc7 16. Rh3 d4 17. Qg4 f5 18. Qg3 Kh8 19. exd4 cxd4 20. Bxd4 Bb5 21. Bc5 Bxd3 22. Bxf8 Qd4+ 23. Qe3 Qxa1+ 24. Kf2 Rxf8 25. Qxd3 Nd5 26. g3 Qc3 27. Nf3 Qxd3 28. cxd3 Rc8 29. Nd4 Re8 30. Kf3 a6 31. Rh4 Ne7 32. Ne2 Ng8 33. g4 fxg4+ 34. Rxg4 g6 35. h4 Bf8 36. b4 Nh6 37. Rg2 Nf5 38. Rh2 Rd8 39. Nc1 Rc8 40. Na2 Nd4+ 41. Kg4 Nc2 42. h5 gxh5+ 43. Kxh5 Nxa3 44. d4 Rd8 45. Rd2 Nb5 46. Kg5 Be7+ 47. Kg4 Rxd4 48. Rc2 Kg7 49. Nc1 Rxb4 0-1

[Event "Barcelona Sant Marti op-B 20th"]
[Site "Barcelona"]
[Date "2018.07.17"]
[Round "5"]
[White "Subirana Santos, Marc"]
[Black "Pascual Gonzalez, Novelles David"]
[Result "1-0"]
[WhiteElo "1743"]
[BlackElo "1587"]
[PlyCount "95"]
[EventDate "2018.07.13"]
[EventType "swiss"]
[EventRounds "9"]
[EventCountry "ESP"]
[SourceTitle "EXT 2019"]
[Source "ChessBase"]
[SourceDate "2018.10.10"]
[SourceVersion "1"]
[SourceVersionDate "2018.10.10"]
[SourceQuality "1"]

1. d4 d5 2. Nf3 Nc6 3. e3 Nf6 4. Bd3 g6 5. 0-0 Bg7 6. a3 0-0 7. Nbd2 Nd7 8. c4 dxc4 9. Bxc4 e5 10. dxe5 Ndxe5 11. Ba2 Nxf3+ 12. Nxf3 Qf6 13. h3 Bf5 14. Qb3 b6 15. Qc4 Rad8 16. e4 Ne5 17. Nxe5 Qxe5 18. exf5 Rd4 19. Qc2 Re4 20. Be3 c5 21. Rad1 Re8 22. fxg6 hxg6 23. Rd5 Qxb2 24. Qxb2 Bxb2 25. Rd7 R8e7 26. Rxe7 Rxe7 27. a4 Re4 28. Bh6 Rxa4 29. Bd5 Bg7 30. Bc6 Rd4 31. Bxg7 Kxg7 32. Re1 a5 33. Re7 Kf6 34. Rb7 Rb4 35. Be8 a4 36. Rxf7+ Ke6 37. Ra7 Kf6 38. Bxa4 Rb1+ 39. Kh2 Ra1 40. Ra6 Ke5 41. Bb5 Rxa6 42. Bxa6 Kd4 43. Kg1 c4 44. Kf1 Kc3 45. Ke1 Kb3 46. Kd1 Kb4 47. Kc2 b5 48. g4 1-0

[Event "Barcelona Sant Marti op-B 20th"]
[Site "Barcelona"]
[Date "2018.07.15"]
[Round "3"]
[White "Subirana Santos, Marc"]
[Black "Rodriguez Batuecas, Jordi"]
[Result "1/2-1/2"]
[WhiteElo "1743"]
[BlackElo "1543"]
[PlyCount "116"]
[EventDate "2018.07.13"]
[EventType "swiss"]
[EventRounds "9"]
[EventCountry "ESP"]
[SourceTitle "EXT 2019"]
[Source "ChessBase"]
[SourceDate "2018.10.10"]
[SourceVersion "1"]
[SourceVersionDate "2018.10.10"]
[SourceQuality "1"]

1. d4 Nf6 2. Nf3 g6 3. Nc3 Bg7 4. e4 d6 5. Be3 0-0 6. Qd2 Re8 7. 0-0-0 Bg4 8. h3 Bxf3 9. gxf3 Nbd7 10. Bh6 c5 11. Bxg7 Kxg7 12. f4 cxd4 13. Qxd4 Qb6 14. Qd2 a6 15. f5 Ne5 16. fxg6 fxg6 17. f4 Nf7 18. Bd3 e6 19. h4 Nh5 20. f5 exf5 21. exf5 Qe3 22. fxg6 Qxd2+ 23. Rxd2 hxg6 24. Nd5 Re5 25. Nc3 Rae8 26. Ne2 Nh6 27. Rg1 Nf5 28. b3 Nxh4 29. Rdd1 R8e6 30. Rg4 Nf3 31. Nd4 Nxd4 32. Rxd4 Ng3 33. Bc4 Ne2+ 34. Bxe2 Rxe2 35. Rxd6 Kf7 36. Rd7+ Re7 37. R7d5 R2e5 38. R5d3 g5 39. Kb2 Kg6 40. Rd6+ Kg7 41. Rg1 Kf7 42. a4 R7e6 43. Rd3 b6 44. Rd8 Re8 45. Rd4 R8e6 46. c4 b5 47. cxb5 axb5 48. Rd7+ Kg6 49. axb5 Rxb5 50. Rc7 Reb6 51. Rg3 Rf6 52. Kc3 Rbf5 53. b4 Rf3+ 54. Rxf3 Rxf3+ 55. Kd4 Rb3 56. Kc5 Rc3+ 57. Kd6 Rxc7 58. Kxc7 g4 1/2-1/2